The Government Construction Pipeline (Record no. 121043)

MARC details
000 -LEADER
fixed length control field 00847cai a22001935a 4500
001 - CONTROL NUMBER
control field L158944
008 - FIXED-LENGTH DATA ELEMENTS--GENERAL INFORMATION
fixed length control field 151021u2015 xxk g 000 0 eng d
035 ## - SYSTEM CONTROL NUMBER
System control number (Sirsi) u158944
041 0# - LANGUAGE CODE
Language code of text/sound track or separate title eng
110 2# - MAIN ENTRY--CORPORATE NAME
Corporate name or jurisdiction name as entry element United Kingdom
Subordinate unit HM Treasury
245 04 - TITLE STATEMENT
Title The Government Construction Pipeline
Remainder of title Interactive map and timeline view
520 ## - SUMMARY, ETC.
Summary, etc. Details of the government's construction pipeline including an interactive map which includes details of £118bn of investment to 2020 and beyond. Can search data by region, sector, status and value of a project.
590 ## - LOCAL NOTE (RLIN)
Local note KA
651 #4 - SUBJECT ADDED ENTRY--GEOGRAPHIC NAME
Geographic name England and Wales
Chronological subdivision 1543-
690 ## - LOCAL SUBJECT ADDED ENTRY--TOPICAL TERM (OCLC, RLIN)
Topical term or geographic name as entry element Infrastructure
9 (RLIN) 6246
690 ## - LOCAL SUBJECT ADDED ENTRY--TOPICAL TERM (OCLC, RLIN)
Topical term or geographic name as entry element Planning and development
9 (RLIN) 6259
856 40 - ELECTRONIC LOCATION AND ACCESS
Uniform Resource Identifier <a href="https://www.building.co.uk/government-construction-pipeline-2015/home/">https://www.building.co.uk/government-construction-pipeline-2015/home/</a>
Public note View the website free of charge at www.building.co.uk
942 ## - ADDED ENTRY ELEMENTS (KOHA)
Suppress in OPAC 0
Holdings
Withdrawn status Lost status Source of classification or shelving scheme Damaged status Not for loan Home library Current library Shelving location Date acquired Total Checkouts Full call number Barcode Date last seen Copy number Price effective from Koha item type
    Dewey Decimal Classification     Virtual Virtual Online 21/10/2015   WEBSITE 158944-2001 06/08/2019 1 06/08/2019 Online material